| 000 | 00463nam a22001697a 4500 | ||
|---|---|---|---|
| 005 | 20251108164318.0 | ||
| 008 | 250721s1993 xx 000 0 ara d | ||
| 082 | 1 | 4 | _a798.2/محم |
| 100 | 1 | _aسلامه، محمد أحمد | |
| 245 | 1 | 0 | _aالخيل و الفروسية / |
| 264 | 1 |
_aالقاهره : _bدار الفكر العربي، _c1993. |
|
| 300 | _a464ص | ||
| 650 | 1 | 7 | _aالفروسية |
| 650 | 1 | 7 | _aالخيل |
| 942 |
_2ddc _cBK |
||
| 999 |
_c9023 _d9023 |
||